Readings on pro-poor planning through social mobilisation in South Asia : (Record no. 2905)
[ view plain ]
| 000 -LEADER | |
|---|---|
| fixed length control field | 00609nam a2200193Ia 4500 |
| 005 - DATE AND TIME OF LATEST TRANSACTION | |
| control field | 20240604024732.0 |
| 008 - FIXED-LENGTH DATA ELEMENTS--GENERAL INFORMATION | |
| fixed length control field | 240331s9999 xx 000 0 und d |
| 082 ## - DDC Classification | |
| Item Number - Author Mark | REA |
| Class No. | 361 |
| 100 ## - MAIN ENTRY--PERSONAL NAME | |
| Personal name | Wignaraja, P. ed |
| 245 #0 - TITLE STATEMENT | |
| Title | Readings on pro-poor planning through social mobilisation in South Asia : |
| Remainder of title | the strategic option for poverty eradication |
| 260 ## - PUBLICATION, DISTRIBUTION, ETC. | |
| Place of publication, distribution, etc. | New Delhi |
| Name of publisher, distributor, etc. | Vikas Publishing House PVT LTD |
| Date of publication, distribution, etc. | 1998 |
| 300 ## - PHYSICAL DESCRIPTION | |
| Extent (e.g. Volumes, Pages etc.) | xix,377 p., |
| 650 ## - SUBJECT ADDED ENTRY--TOPICAL TERM | |
| Topical term or geographic name entry element | Poverty Eradication |
| 650 ## - SUBJECT ADDED ENTRY--TOPICAL TERM | |
| Topical term or geographic name entry element | Pro-Poor Planning |
| 650 ## - SUBJECT ADDED ENTRY--TOPICAL TERM | |
| Topical term or geographic name entry element | Social Mobilisation |
| 700 ## - ADDED ENTRY--PERSONAL NAME | |
| Personal name | Wignaraja, P. ed |
| 700 ## - ADDED ENTRY--PERSONAL NAME | |
| Personal name | Sirivardana,S |
| 942 ## - Koha item type (Biblio) | |
| Koha item type | Books in Stacks (Lending) |
| Lost status | Damaged status | Collection code | Home library | Current library | Shelving location | Date acquired | Full call number | Accession Number | Item type |
|---|---|---|---|---|---|---|---|---|---|
| Lending | WERC Library | WERC Library | Social Science Cupboard | 03/31/2024 | 361.2 REA | 5558 | Books in Stacks (Lending) |
